00830nam a2200241Ia 4500001000600000003000900006008004100015040001300056040001300069041001300082100002300095100002900118245003300147245007300180250001100253260000900264260001200273260004900285300005900334500014000393650002400533650003100557G7941IT-RoPAU130308s9999 xx 000 0 und d aIT-RoPAU cIT-RoPAU aITALIANO aMarrone Gianfranco gCodice Aut. SPICS: 35715 aInformazione televisiva (L') bProdotto Culturale (Il): Teorie, Tecniche di Analisi, case Histories a1a ed. aROMA bCarocci c2001 [1° Ed.:2001 - Ed.Ling.Originale:2001] a"20 p. (prefazione: no ; testo: 20 [pagine: 263-282])" aOggetto di Studio: Verso un Giornalismo Televisivo. Metodo di Studio: Estetica del Telegiornale. Analisi del Caso: Usura delle Notizie. aSAGGI DI SEMIOLOGIA eCodice materia Spics: 3257